[Event "V Trofeo Giovanni Pico"]
[Site "Mirandola ITA"]
[Date "2012.01.15"]
[Round "5"]
[White "Guandalini, Sergio"]
[Black "Zuccaro, Guido"]
[Result "1-0"]
[WhiteElo "1649"]
[BlackElo "1769"]
[PlyCount "46"]
[EventDate "2012.01.13"]

1. e4 e6 2. d4 d5 3. Nc3 Bb4 4. Qg4 Nf6 5. Qxg7 Rg8 6. Qh6 dxe4 7. Bd2 Qxd4 8.
Nge2 Qxf2+ 9. Kxf2 Ng4+ 10. Ke1 Nxh6 11. Bxh6 f5 12. g3 b6 13. Be3 Bb7 14. a3
Bd6 15. Rd1 Nc6 16. Nb5 O-O-O 17. Nxd6+ cxd6 18. Kd2 Ne5 19. Nf4 Nf3+ 20. Ke2
e5 21. Nd5 Rg7 22. Bh3 Rf7 23. Bxf5+ Kb8 1-0

[Event "V Trofeo Giovanni Pico"]
[Site "Mirandola ITA"]
[Date "2012.01.15"]
[Round "5"]
[White "Guaragno, Michele"]
[Black "De Palma, Fabrizio"]
[Result "1/2-1/2"]
[WhiteElo "1956"]
[BlackElo "2075"]
[PlyCount "58"]
[EventDate "2012.01.13"]

1. e4 c5 2. Nf3 d6 3. d4 cxd4 4. Nxd4 a6 5. Nc3 e5 6. Nb3 Nf6 7. Be2 Be7 8. Be3
Be6 9. O-O O-O 10. f4 exf4 11. Rxf4 Nbd7 12. h3 Rc8 13. Qf1 b5 14. a3 Ne5 15.
Qf2 Qc7 16. Nd2 d5 17. exd5 Nxd5 18. Nxd5 Bxd5 19. Rd4 Qb7 20. Qg3 Ng6 21. c3
Bf6 22. Rg4 Be6 23. Re4 Bf5 24. Rb4 Be7 25. Bf3 Qb8 26. Qf2 Be6 27. Ba7 Qc7 28.
Bb6 Qb8 29. Ba7 Qc7 1/2-1/2

[Event "V Trofeo Giovanni Pico"]
[Site "Mirandola ITA"]
[Date "2012.01.15"]
[Round "5"]
[White "Gurschler, Gregor"]
[Black "Malago', Federico"]
[Result "1-0"]
[WhiteElo "1937"]
[BlackElo "1877"]
[PlyCount "145"]
[EventDate "2012.01.13"]

1. Nf3 e6 2. g3 d5 3. c3 c5 4. Bg2 Bd6 5. d3 Bd7 6. Nbd2 Nf6 7. O-O Nc6 8. e4
Qc7 9. Re1 O-O 10. Qe2 dxe4 11. dxe4 Be7 12. e5 Nd5 13. Nc4 b5 14. Ne3 Rad8 15.
Nxd5 exd5 16. Bf4 Be6 17. Qxb5 c4 18. Qa4 Rb8 19. b4 Nxb4 20. cxb4 Rxb4 21. Qc2
g6 22. Nd4 Rfb8 23. Nxe6 fxe6 24. Qc3 Qb6 25. Be3 Bc5 26. Bxc5 Qxc5 27. Red1
Rb2 28. Rd4 Re2 29. Rf4 Rbb2 30. Rf1 Red2 31. Bh3 d4 32. Bxe6+ Kg7 33. Rf7+ Kh6
34. Qxc4 Qxe5 35. Qc8 Rb8 36. Qd7 Rh8 37. Qe7 a5 38. Qh4+ Qh5 39. Qxh5+ Kxh5
40. Ra7 Re8 41. Rxa5+ Kh6 42. Bb3 Ree2 43. Bc4 Re7 44. Rd5 Rb7 45. Bb3 Re7 46.
Rc1 Ree2 47. Rf1 Re7 48. Kg2 Ree2 49. Kf3 Re7 50. Rd1 Rf7+ 51. Kg4 Rdxf2 52. h4
Kg7 53. R5xd4 h5+ 54. Kh3 Re7 55. Rd7 Rfe2 56. Rxe7+ Rxe7 57. Rf1 Re3 58. Rf7+
Kh8 59. Ra7 Rc3 60. Bf7 Kg7 61. Bd5+ Kh8 62. a4 Rd3 63. Bg2 Rd2 64. a5 Ra2 65.
Ra8+ Kg7 66. a6 Kf6 67. Bb7 Kg7 68. Rc8 Kf6 69. Rc6+ Kg7 70. Rb6 Ra4 71. Bc8
Ra5 72. Rb7+ Kf6 73. a7 1-0

[Event "V Trofeo Giovanni Pico"]
[Site "Mirandola ITA"]
[Date "2012.01.15"]
[Round "5"]
[White "Medici, Simone"]
[Black "Chiarion, Elisa"]
[Result "1/2-1/2"]
[WhiteElo "2122"]
[BlackElo "2003"]
[PlyCount "159"]
[EventDate "2012.01.13"]

1. d4 d5 2. c4 e6 3. e3 c6 4. Nf3 Nf6 5. Nc3 Be7 6. b3 O-O 7. Bd3 Nbd7 8. O-O
Re8 9. Qc2 h6 10. Bb2 Bd6 11. e4 dxe4 12. Nxe4 Nxe4 13. Bxe4 e5 14. c5 Bc7 15.
Rad1 Qe7 16. Rfe1 Qf8 17. b4 exd4 18. Bxd4 Nb8 19. Nh4 a5 20. a3 axb4 21. axb4
Be6 22. Bh7+ Kh8 23. Bf5 Bd5 24. Qd2 Kg8 25. Bc2 Be6 26. Qd3 f5 27. Nxf5 Bxf5
28. Qb3+ Kh8 29. Rxe8 Qxe8 30. Bxf5 Na6 31. Qh3 Bf4 32. g3 Bg5 33. f4 Bf6 34.
Bf2 Nxb4 35. g4 Nd5 36. Qf3 Ra4 37. Re1 Qb8 38. Qe2 Ra1 39. Rxa1 Bxa1 40. Qd1
Bf6 41. Qd2 Nxf4 42. Bg3 Bg5 43. Bxf4 Bxf4 44. Qe2 Be5 45. Kh1 Bd4 46. Qe7 Bf6
47. Qf7 Qd8 48. Qb3 Qd4 49. Qa2 Qd8 50. Qb3 Bd4 51. Qc4 Qf6 52. Qe6 Qd8 53. Qg6
Kg8 54. Be6+ Kh8 55. Bf5 Kg8 56. Qh7+ Kf7 57. Qg6+ Kg8 58. Be6+ Kh8 59. g5 Bxc5
60. Bb3 Qe7 61. Be6 Qd8 62. Bb3 Qf8 63. Bf7 Bd4 64. Qf5 Bf6 65. g6 Qd8 66. Qe6
Be7 67. Qb3 b5 68. Qf3 c5 69. Qd5 Qa5 70. Qe5 Qa7 71. Bd5 Qd7 72. Qb8+ Bd8 73.
Qe5 c4 74. Qe6 Qxe6 75. Bxe6 Bc7 76. h3 c3 77. Bb3 b4 78. Kg2 c2 79. Bxc2 Kg8
80. Kf3 1/2-1/2

[Event "V Trofeo Giovanni Pico"]
[Site "Mirandola ITA"]
[Date "2012.01.15"]
[Round "5"]
[White "Modena, Giorgio"]
[Black "Fragni, Enrico"]
[Result "1-0"]
[WhiteElo "1932"]
[BlackElo "1667"]
[PlyCount "45"]
[EventDate "2012.01.13"]

1. e4 c5 2. Nf3 Nc6 3. d4 cxd4 4. Nxd4 Nf6 5. Nxc6 bxc6 6. Bd3 d6 7. O-O e6 8.
c4 Be7 9. Nc3 Qc7 10. Be3 O-O 11. Rc1 Bd7 12. f4 a5 13. Qf3 Rab8 14. b3 g6 15.
g4 c5 16. f5 exf5 17. exf5 Bc6 18. Nd5 Nxd5 19. cxd5 Bb5 20. Bxb5 Rxb5 21. Bh6
Re8 22. fxg6 Bf8 23. gxf7+ 1-0

[Event "V Trofeo Giovanni Pico"]
[Site "Mirandola ITA"]
[Date "2012.01.15"]
[Round "5"]
[White "Niccoli, Paolo"]
[Black "Negro, Raffaele"]
[Result "1-0"]
[WhiteElo "1986"]
[BlackElo "1843"]
[PlyCount "67"]
[EventDate "2012.01.13"]

1. e4 d5 2. exd5 Qxd5 3. Nc3 Qd6 4. d4 g6 5. Be3 Bg7 6. Qd2 a6 7. Nf3 Nf6 8. h3
Nc6 9. O-O-O O-O 10. Bh6 b5 11. Bxg7 Kxg7 12. Qe3 Bb7 13. Bd3 Nb4 14. a3 Nxd3+
15. Rxd3 e6 16. Rhd1 Rad8 17. g4 Rfe8 18. Ne5 Nd5 19. Nxd5 Bxd5 20. g5 Qe7 21.
Ng4 Qd6 22. f4 Rb8 23. h4 Rec8 24. h5 gxh5 25. Ne5 f6 26. gxf6+ Kxf6 27. Qh3
Be4 28. Qh4+ Kg7 29. Rg3+ Bg6 30. Rdg1 Qd8 31. Qxh5 Kf8 32. Rxg6 hxg6 33. Qh7
Qf6 34. Nd7+ 1-0

[Event "V Trofeo Giovanni Pico"]
[Site "Mirandola ITA"]
[Date "2012.01.15"]
[Round "5"]
[White "Ombasic, Dzemil"]
[Black "Balzano, Filli"]
[Result "1/2-1/2"]
[WhiteElo "1685"]
[BlackElo "1865"]
[PlyCount "100"]
[EventDate "2012.01.13"]

1. e4 c6 2. d4 d5 3. Nc3 dxe4 4. Nxe4 Bf5 5. Ng3 Bg6 6. h4 h6 7. Nf3 Nd7 8. h5
Bh7 9. Bd3 Bxd3 10. Qxd3 e6 11. Bd2 Ngf6 12. O-O-O Qc7 13. Ne4 O-O-O 14. g3
Nxe4 15. Qxe4 Nf6 16. Qe2 Bd6 17. Kb1 Rhe8 18. c4 c5 19. Bc3 Qe7 20. dxc5 Bxc5
21. a3 Rxd1+ 22. Rxd1 Nxh5 23. Qe5 Nf6 24. b4 Bb6 25. c5 Bc7 26. Qe2 Rd8 27.
Rxd8+ Qxd8 28. Ne5 Nd5 29. Bb2 Qg5 30. c6 Bxe5 31. cxb7+ Kxb7 32. Bxe5 Qf5+ 33.
Ka1 f6 34. Bd4 Nb6 35. f4 Qd5 36. Bc5 Qb3 37. Qe4+ Qd5 38. Qxd5+ Nxd5 39. Bf8
g5 40. Bxh6 gxf4 41. gxf4 Kc6 42. Kb2 Ne3 43. a4 a6 44. Kc3 Nd5+ 45. Kc4 Nb6+
46. Kb3 Kd5 47. Bg7 e5 48. fxe5 fxe5 49. b5 axb5 50. axb5 Kc5 1/2-1/2

[Event "V Trofeo Giovanni Pico"]
[Site "Mirandola ITA"]
[Date "2012.01.15"]
[Round "5"]
[White "Pavesi, Paolo"]
[Black "Ollari, Luca"]
[Result "0-1"]
[WhiteElo "1542"]
[BlackElo "1697"]
[PlyCount "111"]
[EventDate "2012.01.13"]

1. d4 Nf6 2. Nf3 g6 3. Bf4 Bg7 4. e3 d6 5. c3 O-O 6. Bd3 c5 7. Nbd2 Nc6 8. Ng5
cxd4 9. exd4 Nh5 10. Be3 e5 11. d5 Ne7 12. Be4 f5 13. Bf3 Nf6 14. Nf1 f4 15.
Bc1 Qa5 16. Nd2 Re8 17. O-O h6 18. Nge4 Qd8 19. Nxf6+ Bxf6 20. Ne4 Bg7 21. b3
Nf5 22. Qd3 b6 23. g3 a5 24. Kg2 Ba6 25. c4 Nd4 26. Ba3 Nf5 27. Bg4 Bf8 28.
Bxf5 gxf5 29. Nc3 e4 30. Qd1 f3+ 31. Kh1 Bg7 32. Qd2 Qf6 33. Na4 b5 34. Bb2 Qg6
35. Bxg7 Qxg7 36. Nc3 bxc4 37. bxc4 Bxc4 38. Rg1 Rec8 39. Na4 Rcb8 40. Rad1 Rb4
41. g4 f4 42. Nc3 Qe5 43. Qd4 Qxd4 44. Rxd4 Bd3 45. Rxb4 axb4 46. Nd1 Rxa2 47.
h4 b3 48. g5 h5 49. Nc3 Rxf2 50. g6 Rg2 51. Rxg2 fxg2+ 52. Kxg2 b2 53. Kf2 b1=Q
54. Nxb1 Bxb1 55. Ke2 Bd3+ 56. Ke1 0-1

[Event "V Trofeo Giovanni Pico"]
[Site "Mirandola ITA"]
[Date "2012.01.15"]
[Round "5"]
[White "Rubbiani, Samuel"]
[Black "Debernardi, Marco"]
[Result "0-1"]
[WhiteElo "1614"]
[BlackElo "1701"]
[PlyCount "58"]
[EventDate "2012.01.13"]

1. e4 c5 2. Nc3 Nc6 3. g3 g6 4. Bg2 Bg7 5. d3 d6 6. f4 Nf6 7. Nf3 O-O 8. O-O
Bg4 9. Be3 a6 10. Qd2 Qd7 11. e5 Ne8 12. exd6 exd6 13. Nd5 Rb8 14. c4 b5 15.
Rab1 Nf6 16. Nxf6+ Bxf6 17. Ng5 Bf5 18. Ne4 Bg7 19. cxb5 axb5 20. Nc3 Rfe8 21.
Nd5 Nd4 22. Kh1 Bh3 23. Bxd4 Bxd4 24. Rfe1 Bxg2+ 25. Qxg2 Kg7 26. Re2 Rxe2 27.
Qxe2 Re8 28. Qd2 Qg4 29. Re1 Rxe1+ 0-1

[Event "V Trofeo Giovanni Pico"]
[Site "Mirandola ITA"]
[Date "2012.01.15"]
[Round "5"]
[White "Santamato, Luigi"]
[Black "Castelli, Antonio"]
[Result "1-0"]
[WhiteElo "1717"]
[BlackElo "1680"]
[PlyCount "73"]
[EventDate "2012.01.13"]

1. d4 a6 2. g3 d5 3. Bg2 Nf6 4. c4 c6 5. Nf3 dxc4 6. Ne5 Nbd7 7. Nxc4 Nb6 8.
Nxb6 Qxb6 9. O-O Bf5 10. Nc3 e6 11. a3 h5 12. h4 Be7 13. e3 Ng4 14. Qe2 Qc7 15.
e4 Bg6 16. e5 O-O-O 17. Qc4 Bf5 18. Ne4 Bxe4 19. Bxe4 Rd7 20. b4 Rhd8 21. Bb2
g5 22. hxg5 Bxg5 23. Bf3 Ne3 24. fxe3 Bxe3+ 25. Kh1 Bxd4 26. Bxd4 Rxd4 27. Qc5
h4 28. Rad1 Rxd1 29. Rxd1 Rh8 30. gxh4 Rxh4+ 31. Kg2 Rh8 32. Qd6 Rg8+ 33. Kf1
Qb6 34. Qc5 Qc7 35. Rd6 b6 36. Qxc6 Qxc6 37. Rxc6+ 1-0

[Event "V Trofeo Giovanni Pico"]
[Site "Mirandola ITA"]
[Date "2012.01.15"]
[Round "5"]
[White "Simonini, Mattia"]
[Black "Sacchetti, Andrea"]
[Result "1/2-1/2"]
[WhiteElo "1759"]
[BlackElo "1873"]
[PlyCount "88"]
[EventDate "2012.01.13"]

1. d4 d5 2. c4 e6 3. cxd5 exd5 4. Nc3 c6 5. Bf4 Nf6 6. Qc2 Nbd7 7. e3 Be7 8.
Bd3 O-O 9. Nf3 Re8 10. O-O Nf8 11. Rab1 Ng6 12. Bg3 Nh5 13. b4 Nxg3 14. hxg3 a6
15. a4 Bd6 16. b5 axb5 17. axb5 Ra3 18. Rb3 Rxb3 19. Qxb3 Qe7 20. bxc6 bxc6 21.
Qc2 Bg4 22. Na4 Qc7 23. Kh2 Ra8 24. Nc5 Ra3 25. Rb1 Bxc5 26. Bxg6 hxg6 27. Qxc5
Ra2 28. Kg1 Ra8 29. Qb6 Qxb6 30. Rxb6 Ra1+ 31. Kh2 Bxf3 32. gxf3 Rc1 33. Rb8+
Kh7 34. Rc8 Rc2 35. Kg2 g5 36. e4 dxe4 37. fxe4 Rd2 38. Rd8 f6 39. d5 cxd5 40.
exd5 Kg6 41. Rd7 g4 42. Kf1 Ra2 43. d6 Rd2 44. Rd8 Kf5 1/2-1/2

[Event "V Trofeo Giovanni Pico"]
[Site "Mirandola ITA"]
[Date "2012.01.15"]
[Round "5"]
[White "Solinas, Roberto"]
[Black "Gerace, Agostino"]
[Result "1-0"]
[WhiteElo "1732"]
[BlackElo "1550"]
[PlyCount "89"]
[EventDate "2012.01.13"]

1. c4 e6 2. g3 Nf6 3. Bg2 d5 4. Nf3 dxc4 5. Qa4+ Nbd7 6. O-O c6 7. Qxc4 Be7 8.
b3 O-O 9. Bb2 Qc7 10. Na3 Rd8 11. Qc2 Nf8 12. Nc4 b5 13. Nce5 c5 14. Ng5 Bb7
15. Bxb7 Qxb7 16. Ngxf7 Rdc8 17. d3 Ng6 18. Nxg6 Kxf7 19. Ne5+ Kg8 20. Qd2 Rf8
21. Nf3 h6 22. Qe3 Qd5 23. Qe5 Rad8 24. Nh4 Qxe5 25. Bxe5 Nd5 26. Ng6 Rf7 27.
Nxe7+ Rxe7 28. Rfc1 Rc8 29. Bd6 Rd7 30. Bxc5 Rdc7 31. Be3 Rxc1+ 32. Rxc1 Rxc1+
33. Bxc1 Nc3 34. Kf1 Nxa2 35. Bd2 Kf8 36. Ke1 Ke7 37. Kd1 Kd6 38. b4 Kc6 39.
Kc2 Kb6 40. Kb3 Nxb4 41. Bxb4 a5 42. Bf8 g6 43. Bxh6 b4 44. Ka4 Kc5 45. Be3+
1-0

[Event "V Trofeo Giovanni Pico"]
[Site "Mirandola ITA"]
[Date "2012.01.15"]
[Round "5"]
[White "Tazzioli, Luca"]
[Black "Varzi, Florian"]
[Result "1-0"]
[WhiteElo "1873"]
[BlackElo "1730"]
[PlyCount "61"]
[EventDate "2012.01.13"]

1. e4 d6 2. d4 Nf6 3. f3 g6 4. Bc4 Bg7 5. Ne2 O-O 6. O-O e5 7. Be3 Nc6 8. Nbc3
exd4 9. Nxd4 Ne5 10. Bb3 a6 11. Qd2 c5 12. Nde2 c4 13. f4 cxb3 14. fxe5 dxe5
15. axb3 Qxd2 16. Bxd2 b5 17. Bg5 Ng4 18. Nxb5 h6 19. Be7 Ne3 20. Rfc1 Bg4 21.
Bxf8 Kxf8 22. Kf2 Nxg2 23. Rg1 Bxe2 24. Kxe2 Nf4+ 25. Ke1 Rc8 26. Nc3 Rc6 27.
Rf1 f5 28. Rf2 Bf6 29. Rd2 Bg5 30. Rad1 Ng2+ 31. Rxg2 1-0

[Event "V Trofeo Giovanni Pico"]
[Site "Mirandola ITA"]
[Date "2012.01.15"]
[Round "5"]
[White "Wang, Cesare"]
[Black "Dionigi, Riccardo"]
[Result "0-1"]
[WhiteElo "1674"]
[BlackElo "1865"]
[PlyCount "42"]
[EventDate "2012.01.13"]

1. d4 d5 2. c4 c6 3. Nc3 Nf6 4. Nf3 e6 5. Bg5 dxc4 6. e4 b5 7. e5 h6 8. Bh4 g5
9. Nxg5 hxg5 10. Bxg5 Nbd7 11. exf6 Bb7 12. g3 c5 13. d5 Qb6 14. Bg2 O-O-O 15.
O-O b4 16. Ne2 exd5 17. Bxd5 Ne5 18. Bxb7+ Qxb7 19. Qxd8+ Kxd8 20. Rad1+ Kc8
21. f4 Nf3+ 0-1